La clause résolutoire

Сохранить в:
Библиографические подробности
Главный автор: Paulin, Christophe (auteur)
Формат:
Язык:французский
Опубликовано: París Lirairie Générale de Doit et de Jurisprudence 1996
Серии:Bibliothèque de Droit Privé, 258
Предметы:
Метки: Добавить метку
Нет меток, Требуется 1-ая метка записи!

MARC

LEADER 00000nam a2200000 a 4500
001 UCI8019
003 CL-VaPUC
008 080731e19960000FR |||||||||||||||||fre|d
020 |a 2275001956 
082 0 4 |a 346.44022  |b PAU  |2 21 
100 |a Paulin, Christophe  |e auteur  |9 531499 
245 1 3 |a La clause résolutoire 
300 |a 329 p 
942 |c BK 
945 |d 20080731 00:00:00  |a jtorresc 
260 |a París  |b Lirairie Générale de Doit et de Jurisprudence  |c 1996 
650 0 |a Contratos  |9 255153 
650 0 |a Obligaciones   |9 255578 
650 0 |a Derecho privado  |9 258243 
650 0 |a Derecho civil  |9 255013 
650 0 |a Derecho francés  |9 385145 
650 0 |a Incumplimiento de los contratos   |9 385193 
651 0 |a Francia  |9 255157 
583 |a last modification  |c 20080731 00:00:00  |k Rodrigo Vera 
490 0 |a Bibliothèque de Droit Privé, 258 
999 |c 331120  |d 331118 
952 |0 0  |1 0  |4 0  |6 346_440220000000000_PAU_1996  |7 0  |8 A  |9 417265  |a BIBDER  |b BIBDER  |d 2019-11-22  |i 4465490  |l 2  |o 346.44022 PAU 1996  |p 4465490  |r 2023-01-25  |s 2021-10-11  |w 2019-11-22  |y BK  |k DER